000 01105nam a22003617a 4500
001 BR8102053
003 BR-BrBNA
005 20230928090937.0
007 ta
008 230509b bl.||||| |||| 00| 0 por d
040 _aBR-BrBNA
_bpor
_cBiblioteca Nacional de Agricultura
041 _a(Por)
072 _aF00; P05; Q20
_b0230
_b8961
_b3430
_b/G514
090 _ 0230 BR8102053
100 1 _aAraujo, J.A. de
110 1 _aPrograma Nacional de Melhoramento da Cana-de-acucar, Piracicaba, SP (Brasil)
245 1 _aFermentacao alcoolica [Mosto; Levedo; Cana de acucar; Industrializacao; Brasil]
246 1 _a[Alcoholic leavening [Must; Yeast; Sugarcane; Industrialization; Brazil]]
260 3 _aPiracicaba, SP (Brasil):
_c1980.
300 _a11 p.
500 _a7 ref.
650 _aProducao vegetal
650 _aRecurso energetico
650 _aMicrobiologia de alimento
650 _aCana de acucar
650 _aAlcool
650 _aLevedo
650 _aMosto
650 _aFermentacao
650 _aIndustrializacao
909 _a202309
_bLucia
_c55
_dLucia Elande
942 _cBK
999 _c31387
_d31387